<?xml version="1.0" encoding="UTF-8"?>
<record
    xmlns:xsi="http://www.w3.org/2001/XMLSchema-instance"
    xsi:schemaLocation="http://www.loc.gov/MARC21/slim http://www.loc.gov/standards/marcxml/schema/MARC21slim.xsd"
    xmlns="http://www.loc.gov/MARC21/slim">

  <leader>03784nam a22002897a 4500</leader>
  <controlfield tag="003">BI-BuBU</controlfield>
  <controlfield tag="008">140613t2013    bd ||||dr|||| 000 0 fre d</controlfield>
  <datafield tag="037" ind1=" " ind2=" ">
    <subfield code="b">Don de l' auteur</subfield>
  </datafield>
  <datafield tag="039" ind1=" " ind2=" ">
    <subfield code="a">20140613092353.0</subfield>
    <subfield code="b">Marie Goretti Ndayizeye</subfield>
  </datafield>
  <datafield tag="040" ind1=" " ind2=" ">
    <subfield code="a">BI-BuBU</subfield>
    <subfield code="b">fre</subfield>
    <subfield code="c">BI-BuBU</subfield>
  </datafield>
  <datafield tag="041" ind1="0" ind2=" ">
    <subfield code="a">fre</subfield>
  </datafield>
  <datafield tag="080" ind1=" " ind2=" ">
    <subfield code="a">616.036.88</subfield>
  </datafield>
  <datafield tag="100" ind1="1" ind2=" ">
    <subfield code="4">aut</subfield>
    <subfield code="a">Niyongabo, J&#xE9;r&#xF4;me</subfield>
    <subfield code="9">94908</subfield>
  </datafield>
  <datafield tag="245" ind1="1" ind2="0">
    <subfield code="a">Etude de la morbidit&#xE9; et de la mortalit&#xE9; dans le service de p&#xE9;diatrie de deux h&#xF4;pitaux de la province Makamba</subfield>
    <subfield code="b">cas de l' h&#xF4;pital de district de Makamba et de l' h&#xF4;pital de district de nyanza-Lac. &#xE9;tude r&#xE9;trospective sur 2 ans: du 1er juin 2010 au 31 mai 2012 &#xE0; propos de 7731</subfield>
    <subfield code="c">J&#xE9;r&#xF4;me Niyongabo ; Jacques Ndikubagenzi, directeur</subfield>
  </datafield>
  <datafield tag="260" ind1=" " ind2=" ">
    <subfield code="a">Bujumbura</subfield>
    <subfield code="b">Universit&#xE9; du Burundi, Facult&#xE9; de M&#xE9;decine</subfield>
    <subfield code="c">2013</subfield>
  </datafield>
  <datafield tag="300" ind1=" " ind2=" ">
    <subfield code="a">XV-107 f.</subfield>
    <subfield code="c">30 cm.</subfield>
  </datafield>
  <datafield tag="500" ind1=" " ind2=" ">
    <subfield code="a">Th&#xE8;se pr&#xE9;sent&#xE9; et soutenue publiquement en vue de l' obtention du grade de Docteur en M&#xE9;decine</subfield>
  </datafield>
  <datafield tag="520" ind1=" " ind2=" ">
    <subfield code="a">Notre &#xE9;tude r&#xE9;trospective a port&#xE9; sur l' aspect &#xE9;pid&#xE9;miologique de la morbi-mortalit&#xE9; de 7731 enfants de 0 &#xE0; 15 ans dont 716 nouveau-n&#xE9;s et 7015 enfants, hospitalis&#xE9;s dans le service de p&#xE9;diatrie de l' h&#xF4;pital de Makamba et Nyanza-Lac dui 1er juin 2010 au 31 mai 2012
Par ordre  d&#xE9;croissant, les principales causes de morbidit&#xE9; chez les nouveau-n&#xE9;s sont l' infection n&#xE9;onatale (74, 16%), la souffrance foetale aigu&#xEB; (19,41% et la pr&#xE9;maturit&#xE9; (4,33%).
chez les enfants de 29 jours &#xE0; 12 mois, le paludisme ( 42,08% , la gastro-ent&#xE9;rite aigu&#xEB; (33,08%), la pneumopathie (11,50%),la malnutrition prot&#xE9;ino- calorique (3,41% sont les quatre principales causes d' admission.
Chez les enfants de 13 &#xE0; 59 mois, le paludisme (70,89%), la gastro-enterite aigu&#xEB; (9, 94%),la malnutrition prot&#xE9;ino-calorique (9,89%), la pneumopathie (6,75%), sont les quatre principales causes d' admission. Les moins de 5 ans repr&#xE9;sentent 92, 83 % des admissions.
Chez les enfants de 5 &#xE0; 15 ans, le paludisme (58,30%), la malnutrition prot&#xE9;ino-calorique et gastro-ent&#xE9;rite aigu&#xEB; (8,66%), la pneumopathie (6,14% sont les principales causes d' admission.
la mortalit&#xE9; globale est de 3, 13%
Chez les nouveau-n&#xE9;s, l' infection n&#xE9;onatale (59,5 %) la souffrance foetale aigu&#xEB; (26, 53%) et la pr&#xE9;maturit&#xE9; sont les principales causes de d&#xE9;c&#xE8;s.
Chez les enfants de 29 jours &#xE0; 12 mois, le paludisme (48,86%), la gastro-ent&#xE9;rite aigu&#xEB; (34,71%), la pneumopathie (13,64%), la malnutrition prot&#xE9;ino-calorique (9, 09%) sont les quatre principales causes de d&#xE9;c&#xE8;s.
Chez les enfants de 13 &#xE0; 59 mois, les principales causes de d&#xE9;c&#xE8;s sont repr&#xE9;sent&#xE9;es par lepaludisme (72,84%), la pneumopathie (8,64%), la malnutrition prot&#xE9;ino-calorique ( 7, 407%) et la gastro-ent&#xE9;rite ( 4, 94%). Les moins de 5 ans repr&#xE9;sentent 90, 08% des d&#xE9;c&#xE8;s.
Chez les enfants de 5 &#xE0; 15 ans le paludisme vient en t&#xEA;te parmi les causes de d&#xE9;c&#xE8;s avec 53,33% des cas,suivi de la malnutrition prot&#xE9;ino-calorique (13,33% et la pneumopathie (6,67%).
 Les maladies les plus l&#xE9;tales sont l'oed&#xE8;me aigu du poumon (100%), la pr&#xE9;maturit&#xE9; (22,58), la broncho-pneumopathie (6,67% et l' &#xE9;pilepsie avec 6,67%.
Au niveau global, le paludisme repr&#xE9;sente 48,35% des causes de d&#xE9;c&#xE8;s. Les abandons de traitement et les &#xE9;vad&#xE9;s repr&#xE9;sentent 1,45% des hospitalis&#xE9;s.

</subfield>
  </datafield>
  <datafield tag="650" ind1=" " ind2="7">
    <subfield code="2">BI-BuBU</subfield>
    <subfield code="a">Morbidit&#xE9;</subfield>
    <subfield code="x">P&#xE9;diatrie</subfield>
    <subfield code="z">H&#xF4;pital de Makamba</subfield>
    <subfield code="9">93079</subfield>
  </datafield>
  <datafield tag="650" ind1=" " ind2="7">
    <subfield code="2">BI-BuBU</subfield>
    <subfield code="a">Mortalit&#xE9;</subfield>
    <subfield code="x">P&#xE9;diatrie</subfield>
    <subfield code="z">H&#xF4;pital de Makamba</subfield>
    <subfield code="9">93080</subfield>
  </datafield>
  <datafield tag="655" ind1=" " ind2="7">
    <subfield code="2">BI-BuBU</subfield>
    <subfield code="a">Th&#xE8;se</subfield>
    <subfield code="9">94909</subfield>
  </datafield>
  <datafield tag="700" ind1="1" ind2=" ">
    <subfield code="4">drt</subfield>
    <subfield code="a">Ndikubagenzi, Jacques</subfield>
    <subfield code="9">93082</subfield>
  </datafield>
  <datafield tag="710" ind1=" " ind2=" ">
    <subfield code="a">Universit&#xE9; du Burundi</subfield>
    <subfield code="b">Facult&#xE9; de M&#xE9;decine</subfield>
    <subfield code="9">93083</subfield>
  </datafield>
  <datafield tag="942" ind1=" " ind2=" ">
    <subfield code="2">udc</subfield>
    <subfield code="c">THESE</subfield>
  </datafield>
  <datafield tag="999" ind1=" " ind2=" ">
    <subfield code="c">28245</subfield>
    <subfield code="d">28245</subfield>
  </datafield>
  <datafield tag="952" ind1=" " ind2=" ">
    <subfield code="0">0</subfield>
    <subfield code="1">0</subfield>
    <subfield code="2">udc</subfield>
    <subfield code="4">0</subfield>
    <subfield code="7">1</subfield>
    <subfield code="9">41200</subfield>
    <subfield code="a">BC</subfield>
    <subfield code="b">BC</subfield>
    <subfield code="d">2014-06-13</subfield>
    <subfield code="l">0</subfield>
    <subfield code="o">616.036.88 NIY.</subfield>
    <subfield code="p">5010000234584</subfield>
    <subfield code="r">2014-06-13</subfield>
    <subfield code="t">1</subfield>
    <subfield code="w">2014-06-13</subfield>
    <subfield code="y">THESE</subfield>
  </datafield>
</record>
